书目信息 |
| 题名: |
仓储配送管理
|
|
| 作者: | 周万森 编著 | |
| 分册: | ||
| 出版信息: | 北京 北京大学出版社 2005 |
|
| 页数: | 435页 | |
| 开本: | 23cm | |
| 丛书名: | 现代物流理论与实务丛书 | |
| 单 册: | ||
| 中图分类: | F253.4 | |
| 科图分类: | ||
| 主题词: | 物流--物资管理 , 仓库管理 , 物流 , 物资管理 | |
| 电子资源: | ||
| ISBN: | 7-301-09642-9 | |
| 000 | 01032oam2 2200301 450 | |
| 001 | 012007145008 | |
| 005 | 20070523084128.43 | |
| 010 | @a7-301-09642-9@dCNY34.00 | |
| 100 | @a20070516d2005 km y0chiy0120 ea | |
| 101 | 0 | @achi |
| 102 | @aCN@b110000 | |
| 105 | @ay z 000yy | |
| 106 | @ar | |
| 200 | 1 | @a仓储配送管理@Acang chu pei song guan li@f周万森编著@Fzhou wan sen bian zhu |
| 210 | @a北京@c北京大学出版社@d2005 | |
| 215 | @a435页@d23cm | |
| 225 | 2 | @a现代物流理论与实务丛书 |
| 330 | @a本书阐述了仓储与配送管理的理论知识与实践操作,包括仓储与仓储管理的基本概念与功能、仓储在物流管理中的作用、仓储规划设计、仓储管理经济分析、仓储安全管理及养护技术、现代仓储信息化及法律制度、配送商务管理等。 | |
| 461 | 0 | @12001 @a现代物流理论与实务丛书 |
| 510 | 1 | @aWarehousing and delivering management@zeng |
| 606 | 0 | @a物流@x物资管理 |
| 606 | 0 | @a仓库管理 |
| 606 | 0 | @a物流 |
| 606 | 0 | @a物资管理 |
| 690 | @aF253.4@v4 | |
| 701 | 0 | @a周万森@Azhou wan sen@4编著 |
| 801 | 0 | @aCN@bRULIN@c20070523 |
| 905 | @dF253.4@e87@s8 | |
| 仓储配送管理/周万森编著.-北京:北京大学出版社,2005 |
| 435页;23cm.-(现代物流理论与实务丛书) |
| ISBN 7-301-09642-9:CNY34.00 |
| 本书阐述了仓储与配送管理的理论知识与实践操作,包括仓储与仓储管理的基本概念与功能、仓储在物流管理中的作用、仓储规划设计、仓储管理经济分析、仓储安全管理及养护技术、现代仓储信息化及法律制度、配送商务管理等。 |
| ● |
| 相关链接 |
|
|
|
|
正题名:仓储配送管理
索取号:F253.4/87
 
预约/预借
| 序号 | 登录号 | 条形码 | 馆藏地/架位号 | 状态 | 备注 |
| 1 | 0576396 | 205763967 | 第一样本阅览室/ [索取号:F253.4/87] | 在馆 | |
| 2 | 0576397 | 205763976 | 第一借阅区/ [索取号:F253.4/87] | 在馆 | |
| 3 | 0576398 | 205763985 | 密集书库/ [索取号:F253.4/87] | 在馆 | |
| 4 | 0576399 | 205763994 | 第一借阅区/ [索取号:F253.4/87] | 在馆 | |
| 5 | 0576400 | 205764001 | 第一借阅区/ [索取号:F253.4/87] | 在馆 | |
| 6 | 0576401 | 205764010 | 第一借阅区/ [索取号:F253.4/87] | 在馆 | |
| 7 | 0576402 | 205764029 | 密集书库/ [索取号:F253.4/87] | 在馆 | |
| 8 | 0576403 | 205764038 | 密集书库/ [索取号:F253.4/87] | 在馆 |